| 000 | 00688nam a22002417a 4500 | ||
|---|---|---|---|
| 005 | 20170124110105.0 | ||
| 010 | _a744666 | ||
| 020 | _c00.00 | ||
| 035 | _a744666 | ||
| 037 | _bCen Lib/Ret | ||
| 040 |
_aDPL _bEN |
||
| 082 |
_a921 _bMAR |
||
| 100 |
_aMartin, Jay _927951 |
||
| 245 |
_aNathanael west : _cby Jay Martin _bthe art of his life / |
||
| 260 |
_aNew York _bFarrear Starus And Giroux _c1970 |
||
| 270 |
_aNew York _bNew York |
||
| 300 |
_axv,435p. : _c20cm(Hb) _bill. |
||
| 500 | _aIncludes bibliographical reference and index | ||
| 650 |
_aNovelists _927952 |
||
| 650 |
_aNovelists, American _927953 |
||
| 700 | _923838 | ||
| 942 |
_2ddc _cEN _h921 _mMAR |
||
| 999 |
_c129974 _d129974 |
||